SOCIAL PSYCHOLOGY (Record no. 9199)

MARC details
000 -LEADER
fixed length control field 00330nam a22001577a 4500
003 - CONTROL NUMBER IDENTIFIER
control field SGT
020 ## - INTERNATIONAL STANDARD BOOK NUMBER
International Standard Book Number 978-93-325-3646-3
082 ## - DEWEY DECIMAL CLASSIFICATION NUMBER
Classification number 152, S14A
100 ## - MAIN ENTRY--PERSONAL NAME
Personal name ARONSON, ELLIOT
245 ## - TITLE STATEMENT
Title SOCIAL PSYCHOLOGY
250 ## - EDITION STATEMENT
Edition statement 8TH
260 ## - PUBLICATION, DISTRIBUTION, ETC. (IMPRINT)
Place of publication, distribution, etc DELHI
Name of publisher, distributor, etc PEARSON
Year of Publication 2014
300 ## - PAGE DESCRIPTION
No. of Pages 538
650 ## - SUBJECT ADDED ENTRY--TOPICAL TERM
Topical term or geographic name as entry element PSYCHOLOGY
942 ## - ADDED ENTRY ELEMENTS (KOHA)
Source of classification or shelving scheme Dewey Decimal Classification
Koha item type Books
942 ## - ADDED ENTRY ELEMENTS (KOHA)
-- 2
Holdings
Withdrawn status Lost status Source of classification or shelving scheme Damaged status Not for loan Collection code Home library Current library Shelving location Date acquired Vendor Name Cost, normal purchase price SGTU Bill Number Total Checkouts Full call number Accession No. (Barcode) Date last seen Bill Date Koha item type Date last borrowed Total Renewals
  Lost and Paid For Dewey Decimal Classification     MEDICAL SGT Engineering Library SGT Engineering Library Text Book 23/06/2016 AHUJA BOOKS COMPANY 625.00 SGTU 5978 4 152, S14A FM7593 27/02/2025 14/08/2015 Books 14/12/2021  
    Dewey Decimal Classification     MEDICAL SGT Engineering Library SGT Engineering Library Text Book 23/06/2016 AHUJA BOOKS COMPANY 625.00 SGTU 5978 14 152, S14A FM7595 03/11/2025 14/08/2015 Books 28/10/2025 1
    Dewey Decimal Classification     MEDICAL SGT Engineering Library SGT Engineering Library Text Book 23/06/2016 AHUJA BOOKS COMPANY 625.00 SGTU 5978 14 152, S14A FM7596 13/11/2025 14/08/2015 Books 31/10/2025 1
    Dewey Decimal Classification     MEDICAL SGT Medical Library SGT Medical Library Text Book 23/06/2016 AHUJA BOOKS COMPANY 625.00 SGTU 5978   152, S14A FM7592 23/06/2016 14/08/2015 Books    
    Dewey Decimal Classification     MEDICAL SGT Medical Library SGT Medical Library Text Book 23/06/2016 AHUJA BOOKS COMPANY 625.00 SGTU 5978 1 152, S14A FM7594 25/05/2017 14/08/2015 Books 23/05/2017